000 00572nam a2200229Ia 4500
003 OSt
005 20221006151419.0
006 a|||||r|||| 00| 0
007 ta
008 221006b |||||||| |||| 00| 0 eng d
020 _c
_3.00(total)
024 _a22,003
037 _cTextual
040 _aEASL
_cEASL
_beng
041 _2eng
_aeng
100 _aKEELAN F X
_9659111
245 0 _aChinese Characters explained, 2 Parts
260 _aTaiwan
_bKuangchi
_c1967
300 _a525+50p.
_ccm.
942 _cTEXL
_2CC
999 _c1090089
_d1090089